[Event "Ste-Foy 6 2024-25"]
[Site "Ste-Foy CAN"]
[Date "2025.08.04"]
[Round "5"]
[White "Genest, Jean-Philippe"]
[Black "Berube, Antoine"]
[Result "0-1"]
[WhiteElo "1638"]
[BlackElo "2242"]
[WhiteFideId "-1"]
[WhiteFideId "-1"]
[PlyCount "90"]
[GameId "2208549527610608"]
[EventDate "2025.07.07"]
[EventType "swiss"]
[EventRounds "5"]
[EventCountry "CAN"]
[TimeControl "5400+30"]

1. e4 c5 2. Nf3 Nc6 3. Bb5 d5 4. exd5 Qxd5 5. Nc3 Qe6+ 6. Be2 Nd4 7. O-O Nf6 8. Re1 Qb6 9. Ne5 e6 10. d3 Qc7 11. Bf3 Bd6 12. Bf4 O-O 13. Bg3 Bd7 14. a4 Rfd8 15. a5 Rab8 16. h4 Be8 17. h5 h6 18. b3 Nd7 19. Nxd7 Qxd7 20. Bh4 Be7 21. Bg3 Bd6 22. Bh4 Rdc8 23. Ne4 Nf5 24. Nxd6 Qxd6 25. Re4 Bc6 26. Rg4 Qe5 27. Bxc6 Rxc6 28. f4 Qc3 29. Be1 Qf6 30. Bd2 Rd8 31. Ra4 Rd5 32. Qe1 Nd4 33. Bc3 Rxh5 34. Ba1 Qd8 35. Qf2 Rd5 36. Kh2 Kf8 37. Bc3 Nf5 38. b4 c4 39. b5 Rxb5 40. dxc4 Rb1 41. Rb4 Rxb4 42. Bxb4+ Kg8 43. Qxa7 Qd1 44. Qxb7 Rxc4 45. Qb5 Rxc2 0-1

[Event "Ste-Foy 6 2024-25"]
[Site "Ste-Foy CAN"]
[Date "2025.08.04"]
[Round "5"]
[White "Lebel, Michel"]
[Black "Houde, Louis-Thomas"]
[Result "0-1"]
[WhiteElo "1009"]
[BlackElo "1421"]
[WhiteFideId "-1"]
[WhiteFideId "-1"]
[PlyCount "95"]
[GameId "2208550016480580"]
[EventDate "2025.07.07"]
[EventType "swiss"]
[EventRounds "5"]
[EventCountry "CAN"]
[TimeControl "5400+30"]

1. e4 c6 2. Nc3 d5 3. exd5 cxd5 4. d4 Nf6 5. Nf3 Bg4 6. h3 Bh5 7. Be2 e6 8. a3 Be7 9. O-O O-O 10. Re1 Nc6 11. b4 a6 12. Ne5 Bxe2 13. Rxe2 Nxe5 14. Rxe5 Bd6 15. Re1 b5 16. Bg5 h6 17. Bh4 g5 18. Bg3 Bxg3 19. fxg3 Qb6 20. Rf1 Kg7 21. Qd3 e5 22. Rad1 Qxd4+ 23. Qxd4 exd4 24. Rxd4 Rac8 25. Nxd5 Nxd5 26. Rxd5 Rxc2 27. Rd6 Ra8 28. Rdf6 Ra7 29. R1f3 Rcc7 30. g4 a5 31. bxa5 Rxa5 32. Kh2 Rxa3 33. Rxa3 Kxf6 34. Rb3 Rb7 35. Kg3 Ke5 36. h4 Kd4 37. hxg5 hxg5 38. Kf3 Kc4 39. Rb1 Kd3 40. Rb3+ Kc4 41. Rb1 b4 42. Ke4 Rb5 43. Rc1+ Kb3 44. Kd4 Kb2 45. Rc7 b3 46. Rxf7 Rb4+ 47. Ke5 Rxg4 48. Kf5 0-1

[Event "Ste-Foy 6 2024-25"]
[Site "Ste-Foy CAN"]
[Date "2025.08.04"]
[Round "5"]
[White "Renzo, Alain"]
[Black "Deschenes, Andre-Philippe"]
[Result "0-1"]
[WhiteElo "1244"]
[BlackElo "1145"]
[WhiteFideId "-1"]
[WhiteFideId "-1"]
[PlyCount "128"]
[GameId "2208550218315112"]
[EventDate "2025.07.07"]
[EventType "swiss"]
[EventRounds "5"]
[EventCountry "CAN"]
[TimeControl "5400+30"]

1. e4 e6 2. d4 d5 3. exd5 exd5 4. Nf3 Bg4 5. Be2 Nf6 6. Bf4 Be7 7. Nc3 a6 8. Qd2 O-O 9. O-O-O b6 10. h3 Bf5 11. g4 Bg6 12. Bd3 Bxd3 13. Qxd3 c5 14. dxc5 Bxc5 15. Bg3 Nc6 16. Nxd5 Nxd5 17. Qxd5 Qxd5 18. Rxd5 Nb4 19. Rd7 Nxa2+ 20. Kb1 Nb4 21. c3 Nc6 22. b4 Be7 23. Rc7 Rac8 24. Re1 Bf6 25. Kc2 b5 26. Rd7 Nxb4+ 27. Kb3 Rxc3+ 28. Kxb4 Rxf3 29. Rc1 Bg5 30. Rc6 Bf4 31. Rxa6 Bxg3 32. fxg3 Rxg3 33. Kxb5 Rb8+ 34. Kc4 Rxh3 35. Rb6 Rc8+ 36. Kb4 Rh4 37. Rd4 g6 38. Rbd6 h5 39. gxh5 Rxd4+ 40. Rxd4 gxh5 41. Rh4 Kg7 42. Rxh5 f6 43. Rh1 f5 44. Rg1+ Kf6 45. Rf1 Rf8 46. Kc4 Kg5 47. Rg1+ Kh4 48. Kd4 Re8 49. Rf1 Kg4 50. Rg1+ Kh4 51. Rf1 Kg5 52. Rg1+ Kf6 53. Rf1 Re4+ 54. Kd3 Ke5 55. Rh1 Rd4+ 56. Ke3 f4+ 57. Ke2 Ke4 58. Rh3 Ra4 59. Kf2 Ra2+ 60. Ke1 f3 61. Rh4+ Ke3 62. Kd1 Kd3 63. Kc1 Kc3 64. Rh3 Ra1# 0-1

[Event "Ste-Foy 6 2024-25"]
[Site "Ste-Foy CAN"]
[Date "2025.08.04"]
[Round "5"]
[White "Sauve, Richard"]
[Black "Oliver, Vance"]
[Result "1-0"]
[WhiteElo "1860"]
[BlackElo "1391"]
[WhiteFideId "-1"]
[WhiteFideId "-1"]
[PlyCount "95"]
[GameId "2208549867238700"]
[EventDate "2025.07.07"]
[EventType "swiss"]
[EventRounds "5"]
[EventCountry "CAN"]
[TimeControl "5400+30"]

1. d4 d6 2. c4 Nf6 3. Nc3 g6 4. e4 Bg7 5. f3 O-O 6. Be3 Nc6 7. Qd2 a6 8. Nge2 Rb8 9. Rc1 Bd7 10. Nd1 b5 11. c5 e5 12. d5 Ne7 13. c6 Bc8 14. a4 Ne8 15. axb5 axb5 16. Nec3 b4 17. Nb5 f5 18. Qxb4 fxe4 19. fxe4 Nf6 20. Nf2 Ng4 21. Nxg4 Bxg4 22. Bd3 Kh8 23. Rf1 Rxf1+ 24. Kxf1 Kg8 25. Kg1 h6 26. Qd2 Kh7 27. Rf1 Ra8 28. Qf2 Ra2 29. Nc3 Ra5 30. h3 Bc8 31. Qf7 Ba6 32. Bxa6 Rxa6 33. Qe6 Ng8 34. Kh2 Nf6 35. Rc1 Qf8 36. b4 Ra3 37. Bd2 Rxc3 38. Rxc3 Nxe4 39. Rf3 Qb8 40. Bc1 Qxb4 41. Qd7 Ng5 42. Bxg5 hxg5 43. Rf7 Kh6 44. Qg4 e4 45. h4 Be5+ 46. Kh3 Qc3+ 47. g3 Qe3 48. hxg5+ 1-0

[Event "Ste-Foy 6 2024-25"]
[Site "Ste-Foy CAN"]
[Date "2025.08.04"]
[Round "5"]
[White "Savard, Alexandre"]
[Black "Page Fortin, Mathieu"]
[Result "0-1"]
[WhiteElo "1756"]
[BlackElo "1940"]
[WhiteFideId "-1"]
[WhiteFideId "-1"]
[PlyCount "36"]
[GameId "2208549602116860"]
[EventDate "2025.07.07"]
[EventType "swiss"]
[EventRounds "5"]
[EventCountry "CAN"]
[TimeControl "5400+30"]

1. d4 e6 2. Nc3 Bb4 3. Qd3 b6 4. Bf4 Nf6 5. Qg3 Nh5 6. Qf3 Nxf4 7. Qxa8 Nc6 8. e3 Nd5 9. Bb5 Nxc3 10. Bxc6 Nd5+ 11. c3 dxc6 12. cxb4 Nxb4 13. Rd1 O-O 14. Qxa7 Qg5 15. Kf1 Ba6+ 16. Ne2 Qb5 17. Rd2 Qa5 18. Qxc7 Nd5 0-1

[Event "Ste-Foy 6 2024-25"]
[Site "Ste-Foy CAN"]
[Date "2025.08.04"]
[Round "5"]
[White "Vaillant, Charles-Etienne"]
[Black "Fridmann, Clement"]
[Result "1/2-1/2"]
[WhiteElo "1886"]
[BlackElo "1437"]
[WhiteFideId "-1"]
[WhiteFideId "-1"]
[PlyCount "160"]
[GameId "2208549672969480"]
[EventDate "2025.07.07"]
[EventType "swiss"]
[EventRounds "5"]
[EventCountry "CAN"]
[TimeControl "5400+30"]

1. c4 e5 2. Nc3 Nf6 3. Nf3 Nc6 4. e3 d5 5. cxd5 Nxd5 6. Bb5 Nxc3 7. bxc3 Bd6 8. d4 exd4 9. cxd4 a6 10. Be2 O-O 11. O-O Re8 12. Bb2 Bf5 13. Rc1 Qf6 14. a3 Qh6 15. g3 Bh3 16. Re1 Re7 17. Qd3 Rae8 18. Bf1 Bxf1 19. Qxf1 Qh5 20. Nd2 Re6 21. Qg2 Nd8 22. Nc4 Bf8 23. Ne5 c6 24. Nd3 Qa5 25. Red1 b5 26. Nc5 Rh6 27. Qf1 Be7 28. Qe1 Qb6 29. Bc3 Nb7 30. Nxb7 Qxb7 31. Bb4 Bxb4 32. axb4 Rhe6 33. Rc5 g6 34. Rdc1 Rd8 35. Qc3 Rd7 36. Rxc6 Rxc6 37. Qxc6 Qxc6 38. Rxc6 Ra7 39. Kg2 Kf8 40. g4 Ke7 41. g5 Kd7 42. Rf6 Ke7 43. h4 a5 44. bxa5 Rxa5 45. Rb6 Kd8 46. Rc6 b4 47. Rc2 b3 48. Rb2 Ra3 49. Kf3 Kd7 50. Ke4 Kd6 51. Kd3 Ra2 52. Kc3 Ra1 53. Rxb3 Rh1 54. Kc4 Rxh4 55. Rb6+ Ke7 56. Kd5 Rg4 57. Rb7+ Kf8 58. f4 Rg3 59. e4 Rf3 60. Ke5 Ra3 61. d5 Ra5 62. Rc7 Ke8 63. Kf6 Ra6+ 64. Rc6 Ra4 65. Ke5 Ke7 66. d6+ Kd8 67. Kd5 Ra7 68. e5 Kd7 69. Rc7+ Rxc7 70. dxc7 Kxc7 71. e6 Kd8 72. Kd6 fxe6 73. Kxe6 Ke8 74. Kf6 Kf8 75. f5 gxf5 76. Kxf5 Ke7 77. Kg4 Kf7 78. Kh5 Kg7 79. Kh4 h6 80. gxh6+ Kxh6 1/2-1/2

[Event "Ste-Foy 6 2024-25"]
[Site "Ste-Foy CAN"]
[Date "2025.08.04"]
[Round "5"]
[White "Wafer, Jacques"]
[Black "Sarra-Bournet, Marc"]
[Result "0-1"]
[WhiteElo "1356"]
[BlackElo "1760"]
[WhiteFideId "-1"]
[WhiteFideId "-1"]
[PlyCount "72"]
[GameId "2208550085731664"]
[EventDate "2025.07.07"]
[EventType "swiss"]
[EventRounds "5"]
[EventCountry "CAN"]
[TimeControl "5400+30"]

1. d4 d5 2. c4 e6 3. cxd5 exd5 4. Nc3 Nf6 5. Bg5 Nbd7 6. Nxd5 Nxd5 7. Bxd8 Bb4+ 8. Qd2 Bxd2+ 9. Kxd2 Kxd8 10. e4 N5f6 11. f3 Nb6 12. b3 c6 13. Bc4 Ke7 14. Ne2 Rd8 15. Ke3 a5 16. Rhd1 a4 17. Rd2 Nxc4+ 18. bxc4 b6 19. Rb1 Rb8 20. Nc3 a3 21. Rb4 Bd7 22. d5 cxd5 23. Nxd5+ Nxd5+ 24. cxd5 b5 25. Rd3 Ra8 26. d6+ Ke6 27. f4 Rdc8 28. f5+ Kf6 29. Kf4 g5+ 30. Kg4 h5+ 31. Kf3 Rc2 32. h3 Rxa2 33. g4 hxg4+ 34. hxg4 Rb2 35. e5+ Kxe5 36. Re4+ Kf6 0-1

[Event "Ste-Foy 6 2024-25"]
[Site "Ste-Foy CAN"]
[Date "2025.08.04"]
[Round "5"]
[White "Yergeau, Samuel"]
[Black "Laurendeau, Alfred"]
[Result "1-0"]
[WhiteElo "1376"]
[BlackElo "1500"]
[WhiteFideId "-1"]
[WhiteFideId "-1"]
[PlyCount "49"]
[GameId "2208549936678200"]
[EventDate "2025.07.07"]
[EventType "swiss"]
[EventRounds "5"]
[EventCountry "CAN"]
[TimeControl "5400+30"]

1. e4 d6 2. d4 e5 3. dxe5 dxe5 4. Qxd8+ Kxd8 5. Nf3 Bd6 6. Bc4 Be6 7. Bxe6 fxe6 8. Nc3 a6 9. O-O Nf6 10. Be3 Nbd7 11. Nd2 b5 12. a4 b4 13. Ne2 Ke7 14. f3 Rhc8 15. Nc4 a5 16. b3 Ra6 17. Rac1 Nb6 18. Bxb6 cxb6 19. Rfd1 Bc5+ 20. Kf1 Raa8 21. Nxe5 Be3 22. Rb1 Rxc2 23. Nc4 Bc5 24. Nd4 Rc8 25. Nxc2 1-0

[Event "Toronto Chess Centre Summer op"]
[Site "Toronto CAN"]
[Date "2025.06.07"]
[Round "1.1"]
[White "Yao, Henry"]
[Black "Liu, Sean"]
[Result "1/2-1/2"]
[WhiteElo "2050"]
[BlackElo "2203"]
[WhiteFideId "-1"]
[WhiteFideId "-1"]
[PlyCount "97"]
[GameId "2197093091834498"]
[EventDate "2025.06.07"]
[EventType "swiss"]
[EventRounds "5"]
[EventCountry "CAN"]

1. e4 c5 2. Nf3 e6 3. d4 cxd4 4. Nxd4 a6 5. Bd3 Bc5 6. Nb3 Ba7 7. Qg4 Nf6 8. Qe2 d6 9. Nc3 Nc6 10. Be3 O-O 11. Bxa7 Rxa7 12. g4 b5 13. g5 Nd7 14. h4 Nc5 15. Qe3 Nxd3+ 16. cxd3 Rc7 17. d4 Bd7 18. Qg3 Nb4 19. O-O Qe7 20. a3 Nc6 21. e5 dxe5 22. dxe5 Bc8 23. Ne4 Nd8 24. Rac1 Bb7 25. Nd6 Bd5 26. Nc5 Rc6 27. b4 Kh8 28. f4 f6 29. Qe3 Nf7 30. Ncb7 Nxd6 31. Nxd6 Rxd6 32. exd6 Qxd6 33. Qc5 Qd8 34. f5 Qb8 35. Qc7 Qe8 36. fxe6 Qxe6 37. Qg3 Qe4 38. Kh2 f5 39. Rf4 Qe2+ 40. Qf2 Qd3 41. Qd4 Qe2+ 42. Rf2 Qe6 43. Rcc2 Bc4 44. Rcd2 Kg8 45. Qd6 Qe4 46. Qd4 Qe7 47. Qd6 Qe3 48. Qg3 Qe4 49. Rf4 1/2-1/2

[Event "Toronto Chess Centre Summer op"]
[Site "Toronto CAN"]
[Date "2025.06.07"]
[Round "1.2"]
[White "Berengolts, Isai"]
[Black "Maulucci, Anthony"]
[Result "0-1"]
[WhiteElo "2096"]
[BlackElo "2039"]
[WhiteFideId "-1"]
[WhiteFideId "-1"]
[PlyCount "150"]
[GameId "2197089558448759"]
[EventDate "2025.06.07"]
[EventType "swiss"]
[EventRounds "5"]
[EventCountry "CAN"]

1. e4 e6 2. d4 d5 3. Nc3 dxe4 4. Nxe4 Bd7 5. Nf3 Bc6 6. Bd3 Nd7 7. O-O Ngf6 8. Qe2 Bxe4 9. Bxe4 Nxe4 10. Qxe4 c6 11. Re1 Be7 12. b3 O-O 13. Bb2 Qa5 14. c4 Ba3 15. Bxa3 Qxa3 16. Ne5 Nf6 17. Qh4 Rfd8 18. Rad1 Qxa2 19. Rd3 Qa5 20. Rf1 Qc7 21. Rg3 Qe7 22. Qg5 g6 23. Rf3 Kg7 24. Ng4 Ng8 25. Qf4 h5 26. Ne5 f6 27. Nd3 g5 28. Qe3 b6 29. Re1 Re8 30. Rh3 Qf7 31. Qe4 Rac8 32. g4 h4 33. f4 Qg6 34. Qe3 Rcd8 35. Rf3 Nh6 36. h3 a5 37. fxg5 Qxg5 38. Nf4 Kf7 39. Nxe6 Qxe3+ 40. Rfxe3 Rb8 41. d5 cxd5 42. cxd5 Kg8 43. Rf1 Kf7 44. g5 Ng8 45. Re4 Kg6 46. Rxh4 fxg5 47. Rg4 Nh6 48. Rxg5+ Kh7 49. Rf6 Rg8 50. h4 Rxg5+ 51. hxg5 Ng8 52. g6+ Kh6 53. Rf8 Rxf8 54. Nxf8 Kg7 55. Ne6+ Kxg6 56. d6 Nf6 57. Nd4 Nd7 58. Kf2 Kf6 59. Ke3 Ke5 60. Nb5 Kd5 61. Kd3 Kc5 62. Na3 Kb4 63. Nc4 Kxb3 64. Kd4 a4 65. Kd5 b5 66. Ne5 Nxe5 67. Kxe5 a3 68. d7 a2 69. d8=Q a1=Q+ 70. Kf5 Qf1+ 71. Ke5 Qe2+ 72. Kf5 Qf3+ 73. Ke5 Qe3+ 74. Kf5 b4 75. Qd1+ Kb2 0-1

[Event "Toronto Chess Centre Summer op"]
[Site "Toronto CAN"]
[Date "2025.06.07"]
[Round "1.3"]
[White "Murali, Dhruv"]
[Black "Wu, Nolan"]
[Result "0-1"]
[WhiteElo "2023"]
[BlackElo "2083"]
[WhiteFideId "-1"]
[WhiteFideId "-1"]
[PlyCount "54"]
[GameId "2200734843081233"]
[EventDate "2025.06.07"]
[EventType "swiss"]
[EventRounds "5"]
[EventCountry "CAN"]

1. c4 Nf6 2. g3 g6 3. d4 Bg7 4. Bg2 d6 5. Nf3 O-O 6. O-O Nc6 7. Nc3 e5 8. e3 Nd7 9. dxe5 Ndxe5 10. Qe2 Bg4 11. Ne4 Qc8 12. Ned2 Re8 13. Re1 Qf5 14. Nh4 Qc2 15. Bf3 Nd4 16. Qd1 Nexf3+ 17. Nhxf3 Qxd1 18. Rxd1 Nxf3+ 19. Nxf3 Bxf3 20. Rd2 Rad8 21. a4 d5 22. cxd5 Rxd5 23. Rxd5 Bxd5 24. Ra3 Bc4 25. b3 Be6 26. Kg2 Rd8 27. Kf3 Rd1 0-1

[Event "Toronto Chess Centre Summer op"]
[Site "Toronto CAN"]
[Date "2025.06.07"]
[Round "1.4"]
[White "Malakar, Saarthak"]
[Black "Lukinykh, Slava"]
[Result "1-0"]
[WhiteElo "2080"]
[BlackElo "2002"]
[WhiteFideId "-1"]
[WhiteFideId "-1"]
[PlyCount "83"]
[GameId "2197055601060460"]
[EventDate "2025.06.07"]
[EventType "swiss"]
[EventRounds "5"]
[EventCountry "CAN"]

1. d4 d5 2. Nf3 e6 3. g3 f5 4. Bg2 Nf6 5. c4 c6 6. O-O Be7 7. b3 O-O 8. Bb2 Ne4 9. Ne5 Nd7 10. Qc2 a5 11. a4 Qe8 12. Nd2 Rf6 13. Ndf3 Rh6 14. Bc1 g5 15. h4 Rh5 16. Nxd7 Bxd7 17. Nxg5 Nxg5 18. hxg5 Bxg5 19. Bf3 Bxc1 20. Qxc1 Qg6 21. Bxh5 Qxh5 22. Ra2 Rf8 23. Qf4 Rf6 24. Qh4 Qf7 25. f4 Kg7 26. Kf2 Rh6 27. Qg5+ Rg6 28. Qh5 dxc4 29. Rh1 h6 30. bxc4 e5 31. dxe5 Qxc4 32. Rd2 Be6 33. Rhd1 Kh7 34. Rd7+ Rg7 35. R7d4 Qc3 36. e3 Qc2+ 37. R1d2 Qb1 38. Rd6 Qb3 39. Rxe6 Qxe6 40. Rd6 Qa2+ 41. Kf3 Kh8 42. Rd8+ 1-0

[Event "Toronto Chess Centre Summer op"]
[Site "Toronto CAN"]
[Date "2025.06.07"]
[Round "2.1"]
[White "Wu, Nolan"]
[Black "Malakar, Saarthak"]
[Result "1/2-1/2"]
[WhiteElo "2083"]
[BlackElo "2080"]
[WhiteFideId "-1"]
[WhiteFideId "-1"]
[PlyCount "84"]
[GameId "2197121128528642"]
[EventDate "2025.06.07"]
[EventType "swiss"]
[EventRounds "5"]
[EventCountry "CAN"]

1. e4 c6 2. d4 d5 3. e5 Bf5 4. Nd2 e6 5. Nb3 Nd7 6. Nf3 Qc7 7. Be3 Rc8 8. c3 f6 9. exf6 Ngxf6 10. Nh4 Bg4 11. f3 Bh5 12. g4 Bf7 13. Qd2 Bd6 14. Bd3 g6 15. O-O c5 16. Bc2 cxd4 17. Nxd4 a6 18. Bh6 Rg8 19. Kh1 e5 20. Rae1 Kd8 21. Ne2 Nb6 22. Bg5 Be7 23. b3 Qc6 24. Qe3 Nbd7 25. Ng2 Kc7 26. Rc1 Bc5 27. Qd2 Kb8 28. h3 Rce8 29. f4 e4 30. Nd4 Qb6 31. Ne3 Ka8 32. b4 Be7 33. a4 h5 34. Bxf6 Nxf6 35. g5 Nd7 36. a5 Qc7 37. Bb3 Bd6 38. Bxd5 Rgf8 39. Bxf7 Rxf7 40. Nd5 Qc4 41. Ne3 Qc7 42. Nd5 Qc4 1/2-1/2

[Event "Toronto Chess Centre Summer op"]
[Site "Toronto CAN"]
[Date "2025.06.07"]
[Round "2.2"]
[White "Maulucci, Anthony"]
[Black "Yao, Henry"]
[Result "1-0"]
[WhiteElo "2039"]
[BlackElo "2050"]
[WhiteFideId "-1"]
[WhiteFideId "-1"]
[PlyCount "67"]
[GameId "2197118506199802"]
[EventDate "2025.06.07"]
[EventType "swiss"]
[EventRounds "5"]
[EventCountry "CAN"]

1. d4 d5 2. c4 dxc4 3. e3 Nf6 4. Bxc4 e6 5. Nf3 a6 6. a4 c5 7. O-O Nc6 8. Qe2 cxd4 9. Rd1 Be7 10. exd4 O-O 11. Nc3 Nb4 12. Ne5 b6 13. Qf3 Nfd5 14. Nxd5 exd5 15. Bd2 Bb7 16. Bxb4 Bxb4 17. Bd3 g6 18. g3 Qd6 19. h4 f6 20. Ng4 Bc8 21. Ne3 Be6 22. h5 Kg7 23. Ng2 Qd7 24. Qe2 a5 25. hxg6 hxg6 26. Bxg6 Kxg6 27. Nf4+ Kf7 28. Qh5+ Ke7 29. Re1 Bxe1 30. Rxe1 Rh8 31. Qf5 Kd8 32. Nxe6+ Kc8 33. Rc1+ Kb8 34. Qf4+ 1-0

[Event "Toronto Chess Centre Summer op"]
[Site "Toronto CAN"]
[Date "2025.06.07"]
[Round "2.3"]
[White "Liu, Sean"]
[Black "Berengolts, Isai"]
[Result "0-1"]
[WhiteElo "2203"]
[BlackElo "2096"]
[WhiteFideId "-1"]
[WhiteFideId "-1"]
[PlyCount "96"]
[GameId "2197116067793650"]
[EventDate "2025.06.07"]
[EventType "swiss"]
[EventRounds "5"]
[EventCountry "CAN"]

1. e4 c5 2. Nf3 g6 3. d4 cxd4 4. Nxd4 Nc6 5. Nc3 Bg7 6. Be3 Nf6 7. f3 O-O 8. Qd2 d5 9. Nxc6 bxc6 10. e5 Nd7 11. f4 e6 12. Be2 f6 13. exf6 Qxf6 14. Rd1 Rb8 15. Na4 e5 16. O-O e4 17. b3 Nb6 18. Qa5 Nxa4 19. Qxa4 a6 20. Bd4 Qe6 21. Bxg7 Kxg7 22. Bxa6 c5 23. Be2 Bd7 24. Qa3 Rfc8 25. Qc1 d4 26. h3 Rf8 27. Rde1 Qd6 28. Qd1 Rxf4 29. Bc4 Rbf8 30. Rxf4 Qxf4 31. Rf1 Qe3+ 32. Kh2 Rf2 33. Rxf2 Qxf2 34. Qf1 Qxf1 35. Bxf1 Bf5 36. g4 Bd7 37. Kg3 g5 38. a4 Kf6 39. Be2 Ke5 40. Bc4 Bc6 41. Bf1 Kd6 42. Kf2 Kc7 43. Ke2 Kb6 44. Kd2 Bd5 45. Kd1 Ka5 46. Kc1 Kb4 47. Kb2 c4 48. a5 c3+ 0-1

[Event "Toronto Chess Centre Summer op"]
[Site "Toronto CAN"]
[Date "2025.06.07"]
[Round "2.4"]
[White "Lukinykh, Slava"]
[Black "Murali, Dhruv"]
[Result "0-1"]
[WhiteElo "2002"]
[BlackElo "2023"]
[WhiteFideId "-1"]
[WhiteFideId "-1"]
[PlyCount "94"]
[GameId "2197113425406605"]
[EventDate "2025.06.07"]
[EventType "swiss"]
[EventRounds "5"]
[EventCountry "CAN"]

1. e4 c5 2. Nf3 Nc6 3. d4 cxd4 4. Nxd4 Nf6 5. Nc3 d6 6. Nxc6 bxc6 7. Bd3 g6 8. h3 Bg7 9. O-O O-O 10. Rb1 Qa5 11. a4 Nd7 12. Be3 Rb8 13. Qd2 Qc7 14. Bh6 Nc5 15. Bxg7 Kxg7 16. Bc4 Ba6 17. Bxa6 Nxa6 18. Kh1 Nc5 19. f4 Rb4 20. Qe2 Nxa4 21. Nxa4 Rxa4 22. c3 Rb8 23. b3 Ra3 24. Qb2 Raxb3 25. Qxb3 Rxb3 26. Rxb3 c5 27. Re1 Qc6 28. e5 Qd5 29. Rb2 Qc4 30. Rf2 Qxc3 31. Ref1 d5 32. e6 fxe6 33. Re2 Kf7 34. Rfe1 Qf6 35. Ra2 Qxf4 36. Rxa7 c4 37. Ra3 Qd6 38. Rf3+ Ke8 39. Ra1 e5 40. Ra8+ Kd7 41. Rfa3 d4 42. R3a7+ Ke6 43. Ra6 d3 44. Rxd6+ exd6 45. Ra1 c3 46. Kg1 d2 47. Kf2 c2 0-1

[Event "Toronto Chess Centre Summer op"]
[Site "Toronto CAN"]
[Date "2025.06.07"]
[Round "3.1"]
[White "Wu, Nolan"]
[Black "Maulucci, Anthony"]
[Result "1-0"]
[WhiteElo "2083"]
[BlackElo "2039"]
[WhiteFideId "-1"]
[WhiteFideId "-1"]
[PlyCount "65"]
[GameId "2200734843081234"]
[EventDate "2025.06.07"]
[EventType "swiss"]
[EventRounds "5"]
[EventCountry "CAN"]

1. e4 e6 2. d4 d5 3. Nd2 dxe4 4. Nxe4 Bd7 5. Nf3 Bc6 6. Bd3 Nd7 7. O-O Ngf6 8. Ng3 Be7 9. Qe2 Bxf3 10. Qxf3 c6 11. c3 O-O 12. Rd1 Qb6 13. Rb1 c5 14. Be3 cxd4 15. Bxd4 Bc5 16. Bxf6 Nxf6 17. b4 Be7 18. c4 Rac8 19. Rdc1 Rfd8 20. c5 Qc6 21. Ne4 Rd4 22. Rc4 Rcd8 23. b5 Qd5 24. Nxf6+ Bxf6 25. Qxd5 R8xd5 26. Rxd4 Rxd4 27. Bf1 Kf8 28. c6 bxc6 29. bxc6 Ke7 30. Rc1 Rd8 31. c7 Rc8 32. Ba6 Kd7 33. Rd1+ 1-0

[Event "Toronto Chess Centre Summer op"]
[Site "Toronto CAN"]
[Date "2025.06.07"]
[Round "3.2"]
[White "Malakar, Saarthak"]
[Black "Murali, Dhruv"]
[Result "1-0"]
[WhiteElo "2080"]
[BlackElo "2023"]
[WhiteFideId "-1"]
[WhiteFideId "-1"]
[PlyCount "53"]
[GameId "2197321295102578"]
[EventDate "2025.06.07"]
[EventType "swiss"]
[EventRounds "5"]
[EventCountry "CAN"]

1. d4 Nf6 2. Nf3 g6 3. g3 Bg7 4. Bg2 c5 5. c4 cxd4 6. Nxd4 Nc6 7. Nc3 O-O 8. O-O a6 9. e3 Qc7 10. b3 d6 11. Bb2 Rb8 12. Rc1 Nxd4 13. Qxd4 Nd7 14. Qxg7+ Kxg7 15. Nd5+ Nf6 16. Bxf6+ exf6 17. Nxc7 Bd7 18. Rfd1 Rfc8 19. Nd5 b5 20. Ne7 Rc7 21. Rxd6 bxc4 22. Nd5 Ra7 23. bxc4 Rb2 24. c5 Rxa2 25. c6 Be6 26. c7 Rb7 27. Nc3 1-0

[Event "Toronto Chess Centre Summer op"]
[Site "Toronto CAN"]
[Date "2025.06.07"]
[Round "3.3"]
[White "Plotkin, Mark"]
[Black "Liu, Sean"]
[Result "1-0"]
[WhiteElo "2473"]
[BlackElo "2203"]
[WhiteFideId "-1"]
[WhiteFideId "-1"]
[PlyCount "149"]
[GameId "2197358679421562"]
[EventDate "2025.06.07"]
[EventType "swiss"]
[EventRounds "5"]
[EventCountry "CAN"]

1. e4 c5 2. Nf3 e6 3. c3 d5 4. exd5 exd5 5. d4 Nc6 6. Bb5 Bd6 7. O-O Nge7 8. dxc5 Bxc5 9. Nbd2 O-O 10. Nb3 Bd6 11. h3 Bf5 12. Re1 Qc7 13. Nbd4 Bd7 14. Bd3 Nxd4 15. Nxd4 a6 16. Qh5 g6 17. Qh4 Nc6 18. Nxc6 bxc6 19. Bh6 Rfe8 20. Rxe8+ Rxe8 21. Bxa6 Re4 22. g4 Qb6 23. Bd3 Re8 24. b3 Qc5 25. Rc1 Be5 26. Kg2 Qa5 27. Rc2 Bxc3 28. Qg5 Bd4 29. Re2 Rxe2 30. Bxe2 f6 31. Qd2 Bc3 32. Qe3 Kf7 33. a4 c5 34. Qd3 Bc6 35. Bf3 Bd4 36. Be3 Qb4 37. Bxd4 cxd4 38. Qa6 Bb7 39. Qa7 Qxb3 40. a5 Ke6 41. a6 Bc6 42. Qc7 Qa4 43. a7 d3 44. Qxh7 d2 45. Qxg6 d1=Q 46. Bxd1 d4+ 47. Bf3 Bxf3+ 48. Kxf3 Qxa7 49. Qf5+ Kd6 50. Qxf6+ Kc5 51. Qf5+ Kb4 52. Qd3 Qb7+ 53. Kf4 Kc5 54. Qc2+ Kd6 55. Qc4 Qg7 56. Ke4 Qh7+ 57. Kxd4 Qxh3 58. Qd5+ Ke7 59. f3 Qg2 60. Qe4+ Kf6 61. Qe5+ Kf7 62. Ke4 Qe2+ 63. Kf4 Qh2+ 64. Kf5 Qc2+ 65. Kg5 Qc6 66. f4 Qg6+ 67. Kh4 Qc6 68. f5 Qh1+ 69. Kg5 Qc1+ 70. Qf4 Qc6 71. Qe3 Qf6+ 72. Kh5 Qh8+ 73. Qh6 Qa8 74. Qe6+ Kf8 75. g5 1-0

[Event "Toronto Chess Centre Summer op"]
[Site "Toronto CAN"]
[Date "2025.06.07"]
[Round "3.4"]
[White "Yao, Henry"]
[Black "Lukinykh, Slava"]
[Result "1-0"]
[WhiteElo "2050"]
[BlackElo "2002"]
[WhiteFideId "-1"]
[WhiteFideId "-1"]
[PlyCount "79"]
[GameId "2197362888405637"]
[EventDate "2025.06.07"]
[EventType "swiss"]
[EventRounds "5"]
[EventCountry "CAN"]

1. e4 c5 2. Nf3 Nc6 3. Bb5 g6 4. O-O Bg7 5. Re1 e5 6. Bxc6 dxc6 7. d3 Bg4 8. h3 Bxf3 9. Qxf3 Ne7 10. Be3 b6 11. Nc3 O-O 12. Rad1 Qc7 13. Ne2 f5 14. c3 Rad8 15. d4 f4 16. Bc1 cxd4 17. cxd4 exd4 18. Nxf4 Rf7 19. Qb3 Rd6 20. e5 Rd5 21. Nxd5 Nxd5 22. Rxd4 Bxe5 23. Rd2 Kg7 24. Rde2 Bd4 25. Qc4 Bc5 26. b4 Bxb4 27. Bb2+ Kg8 28. Re8+ Bf8 29. R1e6 Qf4 30. Qxf4 Rxf4 31. Rxc6 Kf7 32. Rd8 Rf5 33. Rd7+ Be7 34. Rxa7 h5 35. Ba3 Re5 36. Bxe7 Nxe7 37. Rxb6 Re1+ 38. Kh2 Re2 39. Rbb7 Kf6 40. Rxe7 1-0

[Event "Toronto Chess Centre Summer op"]
[Site "Toronto CAN"]
[Date "2025.06.08"]
[Round "4.1"]
[White "Maulucci, Anthony"]
[Black "Malakar, Saarthak"]
[Result "1-0"]
[WhiteElo "2039"]
[BlackElo "2080"]
[WhiteFideId "-1"]
[WhiteFideId "-1"]
[PlyCount "115"]
[GameId "2197432749236196"]
[EventDate "2025.06.07"]
[EventType "swiss"]
[EventRounds "5"]
[EventCountry "CAN"]

1. d4 d5 2. c4 c6 3. Nc3 Nf6 4. e3 Bf5 5. cxd5 cxd5 6. Qb3 Nc6 7. Qxb7 Bd7 8. Qb3 Rb8 9. Qd1 e5 10. Nf3 e4 11. Ne5 Bd6 12. f4 exf3 13. Nxf3 Bg4 14. Bb5 Qc7 15. Qa4 Rb6 16. Ne5 Bd7 17. Nxd7 Qxd7 18. e4 Nxe4 19. Nxd5 Bg3+ 20. hxg3 Qxd5 21. Bxc6+ Rxc6 22. Rh5 g5 23. Rh6 f6 24. Qxa7 Re6 25. Be3 Nxg3 26. Qb8+ Kf7 27. Qxg3 Rhe8 28. O-O-O Qc4+ 29. Kb1 Rxe3 30. Rxh7+ Kg6 31. Qh2 Qe2 32. Qh6+ Kf5 33. g4+ Qxg4 34. Rf1+ Rf3 35. Qh1 Qe4+ 36. Ka1 Rxf1+ 37. Qxf1+ Kg6 38. Rh1 Qxd4 39. Qh3 Qh4 40. Qd3+ Qe4 41. Qd1 Qe2 42. Qb1+ Re4 43. a3 g4 44. Qc1 Qe3 45. Qc8 Qb3 46. Qh8 Qf3 47. Qh5+ Kg7 48. Qh7+ Kf8 49. Rc1 Rc4 50. Qh6+ Kf7 51. Rxc4 g3 52. Rc7+ Ke6 53. Qh3+ f5 54. Qh6+ Ke5 55. Re7+ Kd5 56. Qe6+ Kc5 57. Qe5+ Kc4 58. Rc7+ 1-0